000 00837cam a2200241 a 4500
001 12338891
005 20171221092333.0
008 010308s2002 caua bf 001 0 eng
010 _a 2001017982
020 _a0534559182
040 _aDLC
_cDLC
_dDLC
041 _aeng
043 _an-us---
080 _a370.71 WIS
082 0 0 _a370.71 WIS
_221
100 1 _a46
101 _aEDU
245 1 0 _aBecoming a teacher in a field-based setting :
_cDonna L. Wiseman, Donna D. Cooner, Stephanie L. Knight.
504 _aIncludes bibliographical references and index.
906 _a7
_bcbc
_corignew
_d1
_eocip
_f20
_gy-gencatlg
942 _2ddc
_cBK
999 _c39298
_d39298